header

Christopher Marlowe (Record no. 194164)

MARC details
000 -LEADER
fixed length control field 01160nam a2200289Ia 4500
100 1# - MAIN ENTRY--AUTHOR NAME
Personal name Marlowe, Christopher,
245 10 - TITLE STATEMENT
Title Christopher Marlowe
260 ## - PUBLICATION, DISTRIBUTION, ETC. (IMPRINT)
Place of publication London ;
-- New York :
Name of publisher Routledge,
Year of publication 1979.
300 ## - PHYSICAL DESCRIPTION
Number of Pages xii, 332 p.
650 #0 - SUBJECT ADDED ENTRY--TOPICAL TERM
Topical Term English literature
700 1# - ADDED ENTRY--PERSONAL NAME
Personal name MacLure, Millar,
856 40 - ELECTRONIC LOCATION AND ACCESS
Uniform Resource Identifier http://site.ebrary.com/lib/rucke/Doc?id=10095802

No items available.

© 2026 Rongo University
Contact us: librarian | system librarian | Rongo university